| 000 | 00785nam a2200193 a 4500 | ||
|---|---|---|---|
| 001 | 000029460 | ||
| 005 | 20240318114638.0 | ||
| 008 | 110415s1986 dr ac 000 0 spa d | ||
| 040 |
_aDO-SdBNP _bspa _cBNPHU |
||
| 082 | _axxxx | ||
| 245 | 0 | 0 |
_aPolíticas de población, familia y desarrollo 1986-1990. / _credactores y editores Manuel Quiterio Cedeño, Santiago Hirujo, Denis Mota Álvarez. |
| 260 |
_aSanto Domingo : _bAsociación Dominicana Pro Bienestar de la Familia, Departamento de Comunicaciones, _c1986. |
||
| 300 |
_a42 p. : _bil., retrs. ; _c28 cm. |
||
| 700 | 1 |
_aQuiterio Cedeño, Manuel _913448 |
|
| 700 | 1 |
_aHirujo, Santiago _956329 |
|
| 700 | 1 | 1 |
_aMota Álvarez, Denis, _d1952- _911007 |
| 710 | 2 |
_aAsociación Dominicana Pro Bienestar de la Familia _956602 |
|
| 049 | _aBNPD | ||
| 999 |
_c28952 _d28952 |
||